[Event "II Festival Riviera delle Palme A"]
[Site "San Benedetto del Tronto ITA"]
[Date "1999.07.??"]
[Round "9"]
[White "Chatalbashev, Boris"]
[Black "Facchetti, Gianni"]
[Result "1-0"]
[WhiteElo "2524"]
[BlackElo "2130"]
[PlyCount "109"]
[EventDate "1999.07.11"]

1. d4 Nf6 2. Nf3 d6 3. c4 Nbd7 4. Nc3 e5 5. Bg5 Be7 6. e3 c6 7. Qc2 Qc7 8.
O-O-O Nf8 9. c5 exd4 10. cxd6 Qxd6 11. Nxd4 Qc5 12. Bf4 Ng6 13. Nb3 Bf5 14.
Nxc5 Bxc2 15. Kxc2 Bxc5 16. Bg5 Be7 17. Bc4 Rd8 18. Rxd8+ Bxd8 19. Rd1 h6 20.
Bxf6 Bxf6 21. Ne4 Be7 22. f4 Nh4 23. g4 h5 24. g5 Nf5 25. Kd3 Nd6 26. Nxd6+
Bxd6 27. Ke2 Bb8 28. Kf3 Rf8 29. h4 Ke7 30. Rd4 Bc7 31. Re4+ Kd7 32. b4 Bb6 33.
a4 a5 34. b5 Kd6 35. Re5 Bd8 36. Ba2 Kd7 37. Rf5 Ke7 38. e4 Bc7 39. bxc6 bxc6
40. Rc5 Kd6 41. Rf5 Ke7 42. e5 Bd8 43. g6 fxg6 44. Rg5 Bc7 45. Rxg6 Bd8 46.
Rxg7+ Ke8 47. Rh7 Be7 48. Rxh5 Bd8 49. f5 Be7 50. Ke4 Bb4 51. f6 Kd8 52. Kf5
Bc3 53. Rh7 Bd4 54. Be6 Bc5 55. Rd7+ 1-0

[Event "II Festival Riviera delle Palme A"]
[Site "San Benedetto del Tronto ITA"]
[Date "1999.07.??"]
[Round "9"]
[White "Luchsinger, Eric"]
[Black "Zaja, Ivan"]
[Result "0-1"]
[WhiteElo "2200"]
[BlackElo "2446"]
[PlyCount "76"]
[EventDate "1999.07.11"]

1. d4 e6 2. c4 b6 3. Nc3 Bb7 4. a3 f5 5. d5 Nf6 6. g3 b5 7. Nxb5 exd5 8. cxd5
Bxd5 9. Nf3 c6 10. Nc3 Bxf3 11. exf3 d5 12. Bd3 g6 13. O-O Bd6 14. Bd2 Nbd7 15.
Rc1 Ne5 16. Be3 f4 17. Bd4 O-O 18. Bxe5 Bxe5 19. Na4 Qd6 20. Qc2 Rac8 21. b4
Bd4 22. Kg2 Nd7 23. Qd2 Bg7 24. Nc5 Ne5 25. Ba6 Rce8 26. Rce1 Bh6 27. Qd1 Re7
28. Bd3 a5 29. g4 Bg7 30. Qd2 axb4 31. axb4 Qf6 32. Rb1 Qh4 33. h3 Nxf3 34. Qa2
Ng5 35. Rh1 f3+ 36. Kf1 Nxh3 37. b5 Qxg4 38. bxc6 Qg2# 0-1

[Event "II Festival Riviera delle Palme A"]
[Site "San Benedetto del Tronto ITA"]
[Date "1999.07.??"]
[Round "9"]
[White "Luciani, Valerio"]
[Black "Safranska, Anda"]
[Result "0-1"]
[WhiteElo "2229"]
[BlackElo "2267"]
[PlyCount "102"]
[EventDate "1999.07.11"]

1. d4 Nf6 2. c4 g6 3. Nc3 Bg7 4. e4 d6 5. Nf3 O-O 6. Be2 e5 7. Be3 Ng4 8. Bg5
f6 9. Bh4 Nc6 10. O-O Kh8 11. d5 Ne7 12. Ne1 h5 13. Nd3 Nh6 14. f3 g5 15. Be1
f5 16. Bd2 f4 17. Nf2 Rg8 18. a4 Bf8 19. h3 Rg7 20. a5 a6 21. Ra3 Neg8 22. Na4
Nf6 23. b4 g4 24. fxg4 hxg4 25. hxg4 Nhxg4 26. Nxg4 Nxg4 27. Rh3+ Kg8 28. Rh1
Qg5 29. Bf3 Bd7 30. Nc3 Be7 31. Qe2 Rh7 32. Rxh7 Kxh7 33. g3 Nh6 34. Qg2 Rg8
35. Ne2 Qg6 36. Kf2 Bg5 37. Bc1 Qf6 38. Ke1 Bh4 39. Rh1 Bxg3+ 40. Nxg3 Rxg3 41.
Qxg3 fxg3 42. Rxh6+ Qxh6 43. Bxh6 Kxh6 44. Be2 Kg5 45. c5 Bc8 46. c6 b6 47. Kf1
bxa5 48. bxa5 Kf4 49. Bh5 Bh3+ 50. Kg1 Kxe4 51. Bf7 Bf5 0-1

[Event "II Festival Riviera delle Palme A"]
[Site "San Benedetto del Tronto ITA"]
[Date "1999.07.??"]
[Round "9"]
[White "Metrangolo, Antonio"]
[Black "Lazarev, Vladimir"]
[Result "0-1"]
[WhiteElo "1954"]
[BlackElo "2501"]
[PlyCount "92"]
[EventDate "1999.07.11"]

1. d4 Nf6 2. Nf3 c5 3. e3 g6 4. Bd3 Bg7 5. c3 d6 6. O-O O-O 7. Re1 Nc6 8. Nbd2
Qc7 9. a3 e5 10. b4 Bg4 11. Bb2 Rfe8 12. Be2 e4 13. Nh4 Bxe2 14. Qxe2 Qd7 15.
g3 g5 16. Ng2 Qh3 17. b5 Ne7 18. Red1 Ng4 19. Nf1 Nf5 20. dxc5 dxc5 21. Qc4 b6
22. Rd5 Nf6 23. Rd2 h5 24. Rad1 h4 25. Qa4 Ng4 26. Rd5 Nf6 27. R5d2 Nh6 28. c4
Nhg4 29. Rd6 Nh5 30. Bxg7 Nxg7 31. Qc2 Nf5 32. R6d5 Nf6 33. R5d2 Kg7 34. Qc3
Kg6 35. Qc2 Rh8 36. a4 Rae8 37. Qc3 Ng4 38. Rd5 hxg3 39. fxg3 f6 40. R1d2 Nxh2
41. Nf4+ gxf4 42. Rxh2 Qg4 43. exf4 Rxh2 44. Kxh2 Qe2+ 45. Kg1 e3 46. Rxf5 Qf2+
0-1

[Event "II Festival Riviera delle Palme A"]
[Site "San Benedetto del Tronto ITA"]
[Date "1999.07.??"]
[Round "9"]
[White "Mrdja, Milan"]
[Black "Papadatos, Ioannis"]
[Result "0-1"]
[WhiteElo "2425"]
[BlackElo "2181"]
[PlyCount "100"]
[EventDate "1999.07.11"]

1. e4 Nc6 2. Nf3 d6 3. d4 Nf6 4. Nc3 Bg4 5. Be3 e6 6. Be2 Be7 7. Nd2 Bxe2 8.
Qxe2 d5 9. e5 Nd7 10. f4 O-O 11. O-O f5 12. exf6 Bxf6 13. Nf3 Nb6 14. b3 Qd7
15. Nd1 Rae8 16. Nf2 Nc8 17. Rad1 Nd6 18. g4 g6 19. h3 a6 20. Kg2 Nb5 21. Qd2
Nd6 22. c3 b5 23. Qe2 Ne7 24. Rfe1 Ne4 25. Bd2 Nxf2 26. Qxf2 Nc8 27. Be3 Nd6
28. Qc2 Qc6 29. Rc1 a5 30. Qd3 a4 31. Rc2 axb3 32. axb3 Bg7 33. Bc1 Ne4 34. c4
bxc4 35. bxc4 Qa6 36. Qa3 Qxa3 37. Bxa3 Rxf4 38. Bc1 Rf7 39. cxd5 exd5 40. Ng5
Rd7 41. Rce2 Bxd4 42. Nxe4 dxe4 43. Rxe4 Rxe4 44. Rxe4 Kf7 45. Kf3 c5 46. h4
Re7 47. Rf4+ Ke6 48. g5 Rf7 49. Rxf7 Kxf7 50. Bf4 Ke6 0-1

[Event "II Festival Riviera delle Palme A"]
[Site "San Benedetto del Tronto ITA"]
[Date "1999.07.??"]
[Round "9"]
[White "Voltolini, Giuseppe"]
[Black "Sbraccia, Giovanni"]
[Result "1-0"]
[WhiteElo "2260"]
[BlackElo "2134"]
[PlyCount "83"]
[EventDate "1999.07.11"]

1. d4 Nf6 2. c4 c5 3. d5 b5 4. cxb5 a6 5. b6 g6 6. Nc3 d6 7. e4 Nbd7 8. Nf3 Bg7
9. Be2 O-O 10. O-O Nxb6 11. Bg5 h6 12. Bf4 g5 13. Bc1 e6 14. dxe6 Bxe6 15. a4
Qb8 16. h4 g4 17. Nd2 d5 18. exd5 Bf5 19. Nc4 Nxc4 20. Bxc4 g3 21. d6 Ng4 22.
fxg3 Bd4+ 23. Kh1 Qxd6 24. Bf4 Qd7 25. Qf3 Rae8 26. Bxa6 Qe6 27. Bb5 Rd8 28.
Rae1 Qb3 29. Bc1 Be6 30. Re4 f5 31. Ree1 Rf7 32. Qe2 Bd5 33. Qd3 Ne5 34. Rxe5
Bxe5 35. Nxd5 Qxd5 36. Qxd5 Rxd5 37. Bc4 Rdd7 38. Rxf5 Bxg3 39. Rxf7 Rxf7 40.
Bxf7+ Kxf7 41. Be3 c4 42. a5 1-0

[Event "VIII Weekend Gelso Bianco A"]
[Site "Misterbianco ITA"]
[Date "1999.07.14"]
[Round "4"]
[White "Aleksic, Nenad"]
[Black "Isonzo, David"]
[Result "1/2-1/2"]
[WhiteElo "2421"]
[BlackElo "2257"]
[PlyCount "152"]
[EventDate "1999.07.10"]

1. e4 c5 2. Nf3 d6 3. d4 cxd4 4. Nxd4 Nf6 5. Nc3 a6 6. a3 e5 7. Nde2 b5 8. Bg5
Nbd7 9. Nd5 Be7 10. Nec3 Bb7 11. Bxf6 Nxf6 12. a4 O-O 13. axb5 Nxd5 14. Nxd5
Bxd5 15. Qxd5 axb5 16. Rxa8 Qxa8 17. Qxa8 Rxa8 18. Kd2 Ra4 19. c3 b4 20. Bc4
Bd8 21. cxb4 Rxb4 22. b3 Rb8 23. Ra1 Bb6 24. f3 Kf8 25. Kd3 Ke7 26. Bd5 f6 27.
Ra8 Rxa8 28. Bxa8 Kd7 29. Kc4 Bd4 30. h3 h5 31. b4 Bf2 32. g4 hxg4 33. fxg4 Be3
34. Bd5 Bf2 35. Kb5 Kc7 36. Be6 Be3 37. Kc4 Kc6 38. Bf7 Bd2 39. b5+ Kb6 40. Be8
Kc7 41. Bc6 Be1 42. Kd5 Bf2 43. Ke6 g5 44. Kxf6 Bh4 45. Ke6 Bf2 46. Be8 Bh4 47.
Bc6 Bg3 48. Bd5 Bh4 49. Ke7 Bf2 50. Be6 Bh4 51. b6+ Kxb6 52. Kxd6 Bg3 53. h4
Bxh4 54. Kxe5 Kc7 55. Kf6 Kd8 56. Bd5 Be1 57. Kxg5 Ke7 58. Kf5 Bc3 59. g5 Bd4
60. Kg6 Kf8 61. Bb3 Bc3 62. Kf5 Bd4 63. Kg6 Bc3 64. Bc4 Bd4 65. Kf5 Bc3 66. e5
Bd4 67. Kf6 Bf2 68. Bb3 Be1 69. Be6 Bf2 70. Bc4 Be1 71. Ke6 Bc3 72. g6 Be1 73.
Kd7 Bc3 74. e6 Bf6 75. Be2 Bg5 76. Bc4 Bf6 1/2-1/2

[Event "VIII Weekend Gelso Bianco A"]
[Site "Misterbianco ITA"]
[Date "1999.07.14"]
[Round "4"]
[White "Bellipanni, Piero"]
[Black "Fabiano, Giuseppe"]
[Result "0-1"]
[WhiteElo "2159"]
[BlackElo "2293"]
[PlyCount "58"]
[EventDate "1999.07.10"]

1. d4 Nf6 2. c4 e6 3. Nf3 b6 4. g3 Ba6 5. Nbd2 c5 6. Bg2 Bb7 7. O-O cxd4 8.
Nxd4 Bxg2 9. Kxg2 Be7 10. e4 O-O 11. e5 Ne8 12. Qf3 Na6 13. Qe2 f5 14. exf6
Nxf6 15. a3 Qe8 16. b4 Nc7 17. Bb2 Qg6 18. N2f3 Bd6 19. Rad1 Nh5 20. Kh1 e5 21.
Nh4 Qg5 22. Ndf5 Rxf5 23. Nxf5 Bf8 24. Rxd7 Qxf5 25. Rxc7 Qh3 26. Rd1 Re8 27.
Qe4 Nf6 28. Qh4 Qf5 29. Rf1 g5 0-1

[Event "VIII Weekend Gelso Bianco A"]
[Site "Misterbianco ITA"]
[Date "1999.07.15"]
[Round "5"]
[White "Isonzo, David"]
[Black "Naumkin, Igor"]
[Result "1/2-1/2"]
[WhiteElo "2257"]
[BlackElo "2489"]
[PlyCount "40"]
[EventDate "1999.07.10"]

1. e4 e6 2. d4 d5 3. Nc3 Bb4 4. e5 c5 5. a3 Bxc3+ 6. bxc3 Ne7 7. h4 Nbc6 8. h5
Qa5 9. Bd2 cxd4 10. cxd4 Qa4 11. Nf3 Nxd4 12. Bd3 Nec6 13. Kf1 Nf5 14. Bxf5
exf5 15. h6 gxh6 16. Bxh6 Be6 17. Bg5 Kd7 18. Rh4 Qa6+ 19. Kg1 Na5 20. Nd4 Rac8
1/2-1/2

[Event "VIII Weekend Gelso Bianco A"]
[Site "Misterbianco ITA"]
[Date "1999.07.18"]
[Round "7"]
[White "Fabiano, Giuseppe"]
[Black "Naumkin, Igor"]
[Result "0-1"]
[WhiteElo "2293"]
[BlackElo "2489"]
[PlyCount "66"]
[EventDate "1999.07.10"]

1. d4 e6 2. c4 f5 3. Nf3 Nf6 4. g3 Bb4+ 5. Bd2 Bxd2+ 6. Nbxd2 O-O 7. Bg2 d6 8.
O-O Nc6 9. a3 e5 10. d5 Ne7 11. e4 h6 12. Qe2 Qe8 13. Nh4 f4 14. c5 g5 15. cxd6
cxd6 16. Nf5 Bxf5 17. exf5 Qd7 18. gxf4 exf4 19. Rfe1 Nxf5 20. Nc4 Ng4 21. Bh3
Ne5 22. Qc2 f3 23. Qd2 g4 24. Bf1 Qg7 25. Qb4 Rad8 26. Rac1 h5 27. Qc3 Rde8 28.
Qb4 h4 29. Nxd6 Nxd6 30. Qxd6 g3 31. hxg3 hxg3 32. Rc7 gxf2+ 33. Kxf2 Nd3+ 0-1

[Event "VIII Weekend Gelso Bianco A"]
[Site "Misterbianco ITA"]
[Date "1999.07.18"]
[Round "7"]
[White "Isonzo, David"]
[Black "Bonaccorsi, Fabrizio"]
[Result "0-1"]
[WhiteElo "2257"]
[BlackElo "2083"]
[PlyCount "80"]
[EventDate "1999.07.10"]

1. e4 c5 2. Nf3 d6 3. c3 Nf6 4. Be2 g6 5. O-O Bg7 6. Bb5+ Bd7 7. Bxd7+ Nbxd7 8.
Qe2 O-O 9. d4 d5 10. e5 Ne4 11. Ng5 Nxg5 12. Bxg5 c4 13. Nd2 Nb8 14. b3 cxb3
15. axb3 Qd7 16. b4 Nc6 17. Nb3 b6 18. Bd2 e6 19. f4 a5 20. bxa5 Nxa5 21. Nxa5
bxa5 22. Rfb1 Rfc8 23. Qb5 Qc7 24. Ra4 Rcb8 25. Qd3 Rxb1+ 26. Qxb1 Bf8 27. Qb5
Kg7 28. c4 dxc4 29. Rxc4 Qa7 30. Ra4 Rb8 31. Qc4 Rb1+ 32. Kf2 Rb2 33. Qc3 Qb6
34. Ke1 Rb1+ 35. Kf2 Bb4 36. Rxb4 Rxb4 37. Be3 Rb2+ 38. Kg3 Qb7 39. d5 Qb3 40.
Qc5 Qxd5 0-1

[Event "VIII Weekend Gelso Bianco A"]
[Site "Misterbianco ITA"]
[Date "1999.07.18"]
[Round "7"]
[White "Isonzo, David"]
[Black "Fabiano, Giuseppe"]
[Result "1/2-1/2"]
[WhiteElo "2257"]
[BlackElo "2293"]
[PlyCount "119"]
[EventDate "1999.07.10"]

1. e4 Nf6 2. e5 Nd5 3. d4 d6 4. Nf3 Bg4 5. Be2 e6 6. c4 Nb6 7. O-O Be7 8. Be3
O-O 9. Nc3 a5 10. exd6 cxd6 11. d5 Bxf3 12. Bxf3 e5 13. c5 Nc4 14. cxd6 Nxd6
15. Ne4 Nd7 16. Nxd6 Bxd6 17. Qb3 e4 18. Be2 Ne5 19. f4 exf3 20. Bxf3 Qh4 21.
g3 Nxf3+ 22. Rxf3 Qh5 23. Raf1 Rae8 24. Qd3 Re5 25. Rf5 Qg6 26. Bd2 b6 27. Qf3
Rxf5 28. Qxf5 Qxf5 29. Rxf5 Bc5+ 30. Kf1 Rd8 31. Bc3 f6 32. Ke2 Kf7 33. Kd3 Ke7
34. a3 Kd6 35. g4 Rd7 36. Be1 Re7 37. Bd2 Kd7 38. g5 fxg5 39. Bxg5 g6 40. Rf8
Re5 41. Rd8+ Kc7 42. Bf4 Kxd8 43. Bxe5 Kd7 44. Ke4 a4 45. h3 b5 46. Bc3 Bd6 47.
Bf6 Ke8 48. Be5 Ke7 49. Bd4 h5 50. Bf2 Kf6 51. Bh4+ g5 52. Bf2 Be5 53. Bc5 Bxb2
54. Bb4 Be5 55. d6 Ke6 56. d7 Bc7 57. Bd2 g4 58. hxg4 hxg4 59. Kd4 Kxd7 60. Kc5
1/2-1/2

[Event "VIII Weekend Gelso Bianco A"]
[Site "Misterbianco ITA"]
[Date "1999.07.18"]
[Round "7"]
[White "Naumkin, Igor"]
[Black "Van der Plas, Robert"]
[Result "1-0"]
[WhiteElo "2489"]
[BlackElo "2176"]
[PlyCount "85"]
[EventDate "1999.07.10"]

1. d4 e6 2. c4 Nf6 3. Nf3 c5 4. d5 exd5 5. cxd5 d6 6. Nc3 g6 7. e4 Bg7 8. Be2
O-O 9. O-O Re8 10. Nd2 Na6 11. f3 Nc7 12. a4 b6 13. Kh1 Qd7 14. Nc4 Ba6 15. Rb1
Bxc4 16. Bxc4 a6 17. b4 b5 18. Be2 c4 19. Qc2 Qe7 20. Bd1 Nd7 21. Bd2 Ne5 22.
Be2 Nd7 23. Rbe1 Bd4 24. a5 Qh4 25. Nd1 Rf8 26. Qc1 Qd8 27. Bg5 Bf6 28. Bh6 Bg7
29. Bxg7 Kxg7 30. f4 f5 31. exf5 Rxf5 32. Bg4 Rf8 33. Be6 Nf6 34. Qc3 Nxe6 35.
dxe6 Ra7 36. f5 d5 37. Qd4 Re7 38. Nc3 Qa8 39. fxg6 Kxg6 40. Rf3 h6 41. Ree3
Qe8 42. Rxf6+ Rxf6 43. Rg3+ 1-0

[Event "VI Festival A"]
[Site "Ischia ITA"]
[Date "1999.07.??"]
[Round "?"]
[White "Aleksic, Nenad"]
[Black "Femiano, Andrea"]
[Result "1-0"]
[WhiteElo "2421"]
[BlackElo "2167"]
[PlyCount "99"]
[EventDate "1999.07.10"]

1. e4 c5 2. Nf3 d6 3. d4 cxd4 4. Nxd4 Nf6 5. Nc3 Nc6 6. Bg5 Bd7 7. Qd3 e6 8.
O-O-O a6 9. f4 Be7 10. Nb3 b5 11. Kb1 Rc8 12. Bxf6 gxf6 13. Qh3 Qb6 14. f5 Ne5
15. Nd4 h5 16. fxe6 fxe6 17. Be2 Rc4 18. Bxc4 bxc4 19. Qe3 Qb7 20. Qe2 Qb6 21.
Nf3 Ng4 22. Rhe1 Kf7 23. Ka1 Rb8 24. Rb1 Qc5 25. h3 Ne5 26. Nxe5+ Qxe5 27. Qxc4
Bd8 28. Red1 Bb6 29. Qd3 Bc5 30. Qe2 h4 31. Rd3 Ke7 32. Qg4 Qg5 33. Qxg5 fxg5
34. Rf1 Be8 35. a3 a5 36. Ka2 Bh5 37. g3 Bg6 38. gxh4 gxh4 39. Rf4 Rh8 40. Rg4
Bf7 41. e5 Rh5 42. b4 axb4 43. axb4 Ba7 44. exd6+ Kd8 45. Rg7 Rf5 46. Ne4 e5+
47. Kb2 Rf4 48. Ng5 Bc4 49. Rxa7 Bxd3 50. Ne6+ 1-0

[Event "VI Festival A"]
[Site "Ischia ITA"]
[Date "1999.07.??"]
[Round "?"]
[White "Aleksic, Nenad"]
[Black "Murgia, Andrea"]
[Result "1-0"]
[WhiteElo "2421"]
[BlackElo "2125"]
[PlyCount "53"]
[EventDate "1999.07.10"]

1. e4 e5 2. Nf3 Nc6 3. c3 d5 4. Qa4 dxe4 5. Nxe5 Bd6 6. Nxc6 bxc6 7. Qxc6+ Bd7
8. Qxe4+ Ne7 9. Bc4 Bc6 10. Qg4 O-O 11. O-O Kh8 12. d4 f5 13. Qh4 Qb8 14. f3 f4
15. Bd3 Nf5 16. Bxf5 Rxf5 17. Nd2 Qf8 18. Ne4 Be7 19. Qf2 Rh5 20. Qd2 Rf5 21.
b3 Rd8 22. Bb2 Rh5 23. c4 Qf5 24. Rae1 Rh6 25. d5 Bb7 26. Nf2 Bh4 27. Re5 1-0

[Event "VI Festival A"]
[Site "Ischia ITA"]
[Date "1999.07.??"]
[Round "?"]
[White "Auletta, Angelo"]
[Black "Van Hoolandt, Patrick"]
[Result "1-0"]
[WhiteElo "2246"]
[BlackElo "2050"]
[PlyCount "79"]
[EventDate "1999.07.10"]

1. e4 e5 2. Nf3 Nc6 3. d3 Nf6 4. c3 d5 5. Nbd2 Be7 6. Be2 O-O 7. O-O h6 8. Re1
Re8 9. a3 a5 10. b3 b6 11. Qc2 Bb7 12. Bb2 g6 13. Bf1 dxe4 14. dxe4 Bf8 15.
Rad1 Qe7 16. Nc4 Bg7 17. b4 axb4 18. axb4 Nd7 19. Ne3 Nd8 20. Nd5 Bxd5 21. Rxd5
Nb7 22. Bb5 Nd6 23. Bc6 Rab8 24. c4 Rf8 25. c5 bxc5 26. bxc5 Nxc5 27. Rxc5 Nxe4
28. Bxe4 Rxb2 29. Rxc7 Qb4 30. Qc3 Qb6 31. Qc5 Qxc5 32. Rxc5 f5 33. Bd5+ Kh7
34. Rc7 Rd8 35. Bf7 e4 36. Nh4 Rd6 37. g3 h5 38. Rec1 g5 39. Nxf5 Rf6 40. Be6
1-0

[Event "VI Festival A"]
[Site "Ischia ITA"]
[Date "1999.07.??"]
[Round "?"]
[White "Bonanno, Alessandro"]
[Black "Mazzoni, Guy"]
[Result "1-0"]
[WhiteElo "2041"]
[BlackElo "2202"]
[PlyCount "41"]
[EventDate "1999.07.10"]

1. e4 c5 2. Nf3 d6 3. d4 cxd4 4. Nxd4 Nf6 5. Nc3 g6 6. Be3 Bg7 7. f3 O-O 8. Qd2
Nc6 9. O-O-O Nxd4 10. Bxd4 Be6 11. Kb1 a6 12. g4 b5 13. h4 Qc7 14. h5 b4 15.
Nd5 Bxd5 16. exd5 e5 17. dxe6 fxe6 18. Bxf6 Rxf6 19. Qxd6 Qxd6 20. Rxd6 Rxf3
21. Bg2 1-0

[Event "VI Festival A"]
[Site "Ischia ITA"]
[Date "1999.07.??"]
[Round "?"]
[White "Candura, Stefano"]
[Black "Accardo, Francesco"]
[Result "1-0"]
[WhiteElo "2107"]
[BlackElo "1778"]
[PlyCount "89"]
[EventDate "1999.07.10"]

1. d4 b6 2. c4 Bb7 3. Nc3 e6 4. e4 d6 5. Nf3 Be7 6. Be2 Nd7 7. O-O a6 8. Be3 c5
9. d5 e5 10. Nd2 g5 11. a3 Bc8 12. b4 Nf8 13. bxc5 bxc5 14. Rb1 Nh6 15. Qb3 Nd7
16. Qa4 O-O 17. g4 Ra7 18. f3 f6 19. Bd3 Nf7 20. Ne2 Nh8 21. Nb3 Nb6 22. Qa5
Rb7 23. Qd2 Bd7 24. Ng3 Ng6 25. Nf5 Bxf5 26. gxf5 Nf4 27. Bxf4 exf4 28. Na5 Rd7
29. Nc6 Qc7 30. Qa5 Na8 31. Qxa6 Rc8 32. Rf2 Bf8 33. Rfb2 Re8 34. Rb8 Rdd8 35.
Nxd8 Rxd8 36. Rxa8 Qe7 37. Rxd8 Qxd8 38. Qa7 Qe8 39. Rb8 Qe5 40. Qa8 Qd4+ 41.
Kg2 Qxd3 42. Rxf8+ Kg7 43. Rg8+ Kh6 44. Qf8+ Kh5 45. Qf7+ 1-0

[Event "VI Festival A"]
[Site "Ischia ITA"]
[Date "1999.07.??"]
[Round "?"]
[White "De Waal, Ton"]
[Black "Lotti, Fabio"]
[Result "1-0"]
[WhiteElo "2274"]
[BlackElo "1843"]
[PlyCount "64"]
[EventDate "1999.07.10"]

1. e4 c5 2. c3 Nf6 3. e5 Nd5 4. d4 cxd4 5. Nf3 e6 6. cxd4 b6 7. Nc3 Nxc3 8.
bxc3 Qc7 9. Bd2 Bb7 10. Bd3 d6 11. O-O Nd7 12. Re1 dxe5 13. Nxe5 Nxe5 14. Rxe5
Bd6 15. Rh5 g6 16. Rh3 Bf4 17. Bb5+ Kf8 18. Qc1 Bxd2 19. Qxd2 h5 20. Bf1 Rd8
21. c4 Qd6 22. Rd1 Kg7 23. Rd3 Rhe8 24. a4 a5 25. Qb2 Be4 26. Rb3 e5 27. Rxb6
Qc7 28. d5 Qd7 29. Re1 Qf5 30. Rb5 h4 31. h3 g5 32. Qe2 Bd3 1-0

[Event "VI Festival A"]
[Site "Ischia ITA"]
[Date "1999.07.??"]
[Round "?"]
[White "Delizia, Costantino"]
[Black "De Waal, Ton"]
[Result "1/2-1/2"]
[WhiteElo "2064"]
[BlackElo "2274"]
[PlyCount "33"]
[EventDate "1999.07.10"]

1. e4 c5 2. c3 Nf6 3. e5 Nd5 4. d4 cxd4 5. Nf3 e6 6. cxd4 d6 7. Bc4 Nc6 8. Qe2
Be7 9. O-O O-O 10. Qe4 dxe5 11. dxe5 Qc7 12. Bd3 g6 13. Bh6 Rd8 14. Nc3 Nxc3
15. bxc3 Bd7 16. Rad1 Be8 17. Rfe1 1/2-1/2

[Event "VI Festival A"]
[Site "Ischia ITA"]
[Date "1999.07.??"]
[Round "?"]
[White "Della Ragione, Achille"]
[Black "Mazzoni, Guy"]
[Result "1-0"]
[WhiteElo "1839"]
[BlackElo "2202"]
[PlyCount "71"]
[EventDate "1999.07.10"]

1. c4 Nf6 2. Nc3 g6 3. g3 Bg7 4. Bg2 O-O 5. d3 c5 6. e4 d6 7. Nge2 Nc6 8. O-O
Bg4 9. h3 Bd7 10. f4 e6 11. Be3 a6 12. Rb1 Rb8 13. e5 Ne8 14. exd6 Nd4 15. Ne4
b6 16. b4 f5 17. Bxd4 cxd4 18. Ng5 Nxd6 19. Nf3 Nf7 20. Qb3 Re8 21. Rbe1 Bc6
22. a4 a5 23. b5 Ba8 24. Qa2 Qd6 25. Nc1 Rbd8 26. Re2 Re7 27. Rfe1 Rde8 28. Kf2
h6 29. Nb3 Qc7 30. Qc2 g5 31. Qd2 e5 32. fxe5 Bxf3 33. Bxf3 Bxe5 34. Kg2 Kf8
35. c5 Bxg3 36. Rxe7 1-0

[Event "VI Festival A"]
[Site "Ischia ITA"]
[Date "1999.07.??"]
[Round "?"]
[White "Faybish, Nimrod"]
[Black "Auletta, Angelo"]
[Result "1/2-1/2"]
[WhiteElo "2230"]
[BlackElo "2246"]
[PlyCount "41"]
[EventDate "1999.07.10"]

1. d4 Nf6 2. Nf3 e6 3. e3 c5 4. Bd3 Nc6 5. c3 Qc7 6. O-O Be7 7. Nbd2 d5 8. dxc5
Bxc5 9. e4 O-O 10. Qe2 Ng4 11. h3 Nge5 12. Nxe5 Nxe5 13. Bc2 Bd7 14. Nb3 dxe4
15. Nxc5 Qxc5 16. Bxe4 Bb5 17. Be3 Bxe2 18. Bxc5 Bxf1 19. Bxf8 Bxg2 20. Bxg7
Bxe4 21. Bxe5 1/2-1/2

[Event "VI Festival A"]
[Site "Ischia ITA"]
[Date "1999.07.??"]
[Round "?"]
[White "Franchini, Gabriele"]
[Black "Naumkin, Igor"]
[Result "0-1"]
[WhiteElo "2189"]
[BlackElo "2489"]
[PlyCount "48"]
[EventDate "1999.07.10"]

1. e4 e6 2. d4 d5 3. Nc3 Bb4 4. Nge2 Nf6 5. Bg5 dxe4 6. a3 Be7 7. Bxf6 gxf6 8.
Nxe4 b6 9. N2c3 Bb7 10. Bb5+ c6 11. Bc4 f5 12. Ng3 Nd7 13. O-O Nf6 14. Nh5 Rg8
15. Re1 Qc7 16. Nxf6+ Bxf6 17. Bxe6 fxe6 18. Rxe6+ Kf7 19. Qh5+ Kg7 20. Qxf5
Raf8 21. Re3 Kh8 22. Qd3 c5 23. d5 Bd4 24. Re2 Qf7 0-1

[Event "VI Festival A"]
[Site "Ischia ITA"]
[Date "1999.07.??"]
[Round "?"]
[White "Franchini, Gabriele"]
[Black "Wismeijer, Jeroen"]
[Result "0-1"]
[WhiteElo "2189"]
[BlackElo "2250"]
[PlyCount "28"]
[EventDate "1999.07.10"]

1. e4 d5 2. exd5 Nf6 3. Bb5+ Nbd7 4. c4 a6 5. Bxd7+ Bxd7 6. Nf3 e6 7. dxe6 Bxe6
8. Qa4+ c6 9. O-O Qd3 10. Re1 O-O-O 11. Nc3 Bc5 12. b4 Bd4 13. b5 Ng4 14. Nxd4
Qxd4 0-1

[Event "VI Festival A"]
[Site "Ischia ITA"]
[Date "1999.07.??"]
[Round "?"]
[White "Lotti, Fabio"]
[Black "Mazzoni, Guy"]
[Result "1-0"]
[WhiteElo "1843"]
[BlackElo "2202"]
[PlyCount "49"]
[EventDate "1999.07.10"]

1. d4 Nf6 2. Bg5 d5 3. Bxf6 exf6 4. e3 Be7 5. Bd3 O-O 6. Nd2 c5 7. dxc5 Bxc5 8.
Nb3 Bb6 9. c3 Nc6 10. Qc2 h6 11. Nf3 Bg4 12. h3 Bxf3 13. gxf3 a5 14. Rg1 a4 15.
Nd4 Nxd4 16. cxd4 a3 17. Qb3 axb2 18. Qxb2 Rc8 19. Rb1 Ba5+ 20. Ke2 b6 21. Rg3
Kh8 22. Rbg1 Rg8 23. Qb5 Qd6 24. a3 Rc3 25. Rxg7 1-0

[Event "VI Festival A"]
[Site "Ischia ITA"]
[Date "1999.07.??"]
[Round "?"]
[White "Lotti, Fabio"]
[Black "Vinzoni, Andrea"]
[Result "1/2-1/2"]
[WhiteElo "1843"]
[BlackElo "2138"]
[PlyCount "57"]
[EventDate "1999.07.10"]

1. d4 d5 2. Bg5 Nf6 3. Bxf6 exf6 4. e3 c5 5. dxc5 Bxc5 6. Nc3 Be6 7. Nge2 Nc6
8. g3 d4 9. exd4 Nxd4 10. Bg2 Bg4 11. Qd3 Qe7 12. f3 Bf5 13. Ne4 O-O-O 14.
O-O-O Bxe4 15. fxe4 Qe6 16. Kb1 Qb6 17. Nf4 Nc6 18. Nd5 Qa5 19. Qc4 Kb8 20. e5
fxe5 21. c3 Bd6 22. b4 Qa4 23. Be4 Ne7 24. Nxe7 Bxe7 25. Rxd8+ Rxd8 26. Qxf7
Rd2 27. Qg8+ Bd8 28. Qf7 Be7 29. Qg8+ 1/2-1/2

[Event "VI Festival A"]
[Site "Ischia ITA"]
[Date "1999.07.??"]
[Round "?"]
[White "Mazzoni, Guy"]
[Black "De Santis, Massimo"]
[Result "1-0"]
[WhiteElo "2202"]
[BlackElo "1735"]
[PlyCount "61"]
[EventDate "1999.07.10"]

1. d4 Nf6 2. c4 g6 3. Nc3 Bg7 4. e4 d6 5. f3 O-O 6. Bg5 Nbd7 7. Qd2 c5 8. d5 a6
9. a4 Qa5 10. Ra3 Qb4 11. Qc2 Qb6 12. Nh3 h6 13. Bd2 Nh7 14. a5 Qc7 15. Nf2
Ndf6 16. Be2 Bd7 17. Qc1 h5 18. O-O b6 19. axb6 Qxb6 20. Ncd1 a5 21. Bh6 Rab8
22. Bxg7 Kxg7 23. g4 hxg4 24. fxg4 a4 25. g5 Nh5 26. Bxh5 gxh5 27. Qf4 e5 28.
Qh4 Qd8 29. Qxh5 Rb3 30. Ng4 Qe7 31. Nf6 1-0

[Event "VI Festival A"]
[Site "Ischia ITA"]
[Date "1999.07.??"]
[Round "?"]
[White "Naumkin, Igor"]
[Black "Auletta, Angelo"]
[Result "1/2-1/2"]
[WhiteElo "2489"]
[BlackElo "2246"]
[PlyCount "50"]
[EventDate "1999.07.10"]

1. d4 Nf6 2. c4 g6 3. Nc3 Bg7 4. e4 d6 5. Nf3 O-O 6. Be2 e5 7. d5 a5 8. Bg5 Na6
9. O-O Bd7 10. Nd2 Qe8 11. b3 h6 12. Bh4 Nh7 13. a3 f5 14. exf5 gxf5 15. Bh5
Qc8 16. Be7 e4 17. Rc1 Re8 18. Bxe8 Qxe8 19. Bh4 Nc5 20. Rc2 Nd3 21. Ne2 Qg6
22. Bg3 Nf6 23. f3 Nh5 24. f4 Kh7 25. Nb1 Rg8 1/2-1/2

[Event "VI Festival A"]
[Site "Ischia ITA"]
[Date "1999.07.??"]
[Round "?"]
[White "Naumkin, Igor"]
[Black "Delizia, Costantino"]
[Result "1-0"]
[WhiteElo "2489"]
[BlackElo "2064"]
[PlyCount "67"]
[EventDate "1999.07.10"]

1. d4 e6 2. c4 Nf6 3. Nf3 Bb4+ 4. Nbd2 O-O 5. g3 c5 6. a3 Bxd2+ 7. Bxd2 d6 8.
Bg2 Nc6 9. dxc5 dxc5 10. Bf4 Qb6 11. Qc2 Re8 12. Bg5 e5 13. Bxf6 gxf6 14. e3
Be6 15. O-O Rad8 16. Rfd1 Na5 17. Nd2 Bg4 18. Re1 Bh5 19. Bd5 Bg6 20. e4 Nc6
21. Bxc6 Qxc6 22. Nf1 Rd4 23. f3 Red8 24. g4 h5 25. h3 Qd7 26. Re2 hxg4 27.
hxg4 Rd3 28. Kg2 Qd4 29. Rae1 a6 30. Re3 Rxe3 31. Nxe3 Qd2+ 32. Re2 Qa5 33. Nd5
b5 34. Ne7+ 1-0